Statistics for The Greek Olympian Gods

Click here to take the quiz!

General Stats

  • This quiz has been taken 395 times
  • The average score is 13 of 14

Answer Stats

Hint Answer % Correct
lightning; gold eaglesZeus
99%
water;seasPoseidon
97%
dead;goldHades
96%
love;beautyAphrodite
96%
thieves;messengersHermes
94%
war;bloodshedAres
94%
brains;owlsAthena
91%
hunting; maidensArtemis
90%
poetry;artApollo
86%
peacocks;familyHera
85%
wine;grapesDionysus
85%
harvest;agricultureDemeter
83%
forge;fireHephaestus
80%
hearth;donkeysHestia
78%

Score Distribution

Percentile by Number Answered

Percent of People with Each Score

Your Score History

You have not taken this quiz